| 000 | 00518nam a22001577a 4500 | ||
|---|---|---|---|
| 082 |
_a333.91045491 _bNAZ _cMCE, L-18, p-17 |
||
| 245 |
_aGround water resources of Pakistan _cNazir Ahmad |
||
| 260 |
_aLahore _bRipon Printing Press Ltd _c1974 |
||
| 300 |
_axix, 294 p. : _bill, ; _c22 cm. |
||
| 526 |
_a0 _b0 _c0 _d333_910454910000000_NAZ |
||
| 526 |
_a0 _b0 _c0 _d333_910454910000000_NAZ |
||
| 526 |
_a0 _b0 _c0 _d333_910454910000000_NAZ |
||
| 526 |
_a0 _b0 _c0 _d333_910454910000000_NAZ |
||
| 650 |
_aMCE _9379 |
||
| 942 |
_2ddc _cBK |
||
| 999 |
_c541999 _d541999 |
||